Sports Quiz

Random Sports or NBA Quiz
Score 0/15 Timer 10:00
0 Plays Today
Question Answer Wrong Answers
Black Mamba Kobe Bryant
98.8%
Lebron James
0%
Stephen Curry
0%
Kevin Durant
0%
The Dream Hakeem Olajuwon
93.8%
Shaquille O'Neal
0%
Chris Paul
1.3%
Paul Pierce
3.8%
White Chocolate Jason Williams
91.3%
Lonzo Ball
1.3%
DeMarcus Cousins
5%
Dwayne Wade
0%
Swaggy P. Nick Young
90%
Kemba Walker
3.8%
Lou Williams
0%
Ben Wallace
3.8%
Baby-Faced Assassin Stephen Curry
88.8%
Pau Gasol
2.5%
Jason Williams
5%
Dirk Nowitzki
2.5%
Birdman Chris Andersen
87.5%
Dwayne Wade
1.3%
Larry Bird
11.3%
Magic Johnson
0%
Air Canada Vince Carter
86.3%
Jerry West
0%
Demar Derozan
12.5%
Allen Iverson
0%
The Captain Kareem Abdul-Jabbar
68.8%
Larry Bird
8.8%
Michael Jordan
10%
Matthew Delavadova
12.5%
Mr. Clutch Jerry West
67.5%
Lebron James
8.8%
James Worther
15%
Jamaal Wilkes
7.5%
The Great White Hope Larry Bird
57.5%
Steve Nash
7.5%
Pete Maravich
17.5%
John Stockton
15%
Fresh Prince Ben Simmons
55%
J.R Smith
30%
Steve Nash
3.8%
Russel Westbrook
10%
Old Man Riverwalk Tim Duncan
50%
Michael Jordan
1.3%
Wilt Chamberlin
33.8%
Vince Carter
13.8%
Cobra Trevor Ariza
41.3%
Karl-Anthony Towns
16.3%
Jerome Williams
20%
Dominique Wilkins
20%
Slats Max Zaslofsky
33.8%
Guerschon Yabusele
16.3%
Jamaal Wilkes
18.8%
Rik Smits
30%
Captain America Carmelo Anthony
27.5%
Nate Archibald
21.3%
Gilbert Arenas
28.8%
Stacey Augmon
20%
Remove Ads.
Support Sporcle.
Get the best of Sporcle when you Go Orange. This ad-free experience offers more features, more stats, and more fun while also helping to support Sporcle. Thank you for becoming a member.

You're not logged in!

Compare scores with friends on all Sporcle quizzes.
OR
Log In

Show Comments

Extras

Created Dec 13, 2018ReportNominate
Tags:NBA Quiz, nickname, Player

Top Quizzes Today


Score Distribution

Your Account Isn't Verified!

In order to create a playlist on Sporcle, you need to verify the email address you used during registration. Go to your Sporcle Settings to finish the process.

Report this User

Report this user for behavior that violates our Community Guidelines.

Details: